Science Quiz

Random Science or Math Quiz

Math Homework (0-9 x 10-19) Quiz Stats

Quiz Updated Dec 22, 2011

Challenge
Share
Tweet
Embed
Score 0/100 Timer 03:00
2 Plays Today
Question Product % Correct
0 x 100
61%
0 x 160
60.9%
0 x 170
60.9%
0 x 190
60.8%
0 x 180
60.7%
0 x 120
60.7%
1 x 1010
60.7%
0 x 110
60.6%
0 x 130
60.6%
0 x 140
60.6%
0 x 150
60.6%
1 x 1515
60.5%
1 x 1313
60.3%
1 x 1919
60.3%
1 x 1717
60.2%
1 x 1111
60.2%
1 x 1818
60.2%
1 x 1414
60.1%
4 x 1040
59.9%
1 x 1212
59.9%
2 x 1020
59.9%
9 x 1090
59.9%
1 x 1616
59.8%
6 x 1060
59.8%
2 x 1122
59.8%
3 x 1030
59.7%
5 x 1050
59.7%
3 x 1133
59.5%
8 x 1080
59.4%
7 x 1070
59.4%
2 x 1224
59.3%
4 x 1144
59.2%
2 x 1530
59.2%
5 x 1155
59%
Question Product % Correct
2 x 1428
58.9%
6 x 1166
58.8%
9 x 1199
58.7%
8 x 1188
58.6%
2 x 1326
58.6%
7 x 1177
58.6%
2 x 1632
57.9%
2 x 1836
57.8%
3 x 1236
57.8%
2 x 1734
57.4%
3 x 1545
57.4%
4 x 1248
56.7%
5 x 1260
56.5%
2 x 1938
56.3%
3 x 1339
56.2%
4 x 1560
56%
5 x 1575
54.8%
6 x 1272
53.7%
3 x 1442
52.5%
4 x 1352
52%
3 x 1648
51.9%
6 x 1590
51.7%
8 x 1296
51.5%
7 x 1284
51.5%
4 x 1456
51.4%
5 x 1365
51.1%
4 x 1664
51%
5 x 1470
50.8%
3 x 1751
50.4%
9 x 12108
50.4%
3 x 1854
49.7%
5 x 1680
49.7%
3 x 1957
49.2%
8 x 15120
48.9%
Question Product % Correct
5 x 1890
48.6%
7 x 15105
48.4%
5 x 1995
48.3%
4 x 1872
48%
6 x 1378
47.8%
4 x 1976
47.7%
9 x 15135
47.7%
4 x 1768
47.6%
5 x 1785
47.5%
6 x 1696
47%
7 x 1391
46.6%
6 x 1484
46.4%
9 x 13117
45.8%
7 x 1498
45.6%
9 x 19171
45.6%
8 x 13104
45.5%
9 x 14126
45.3%
9 x 16144
44.6%
9 x 18162
44.6%
8 x 14112
44.4%
6 x 18108
44.4%
8 x 16128
44.3%
6 x 19114
44.1%
7 x 17119
43.9%
6 x 17102
43.8%
8 x 18144
43.8%
8 x 19152
43.6%
7 x 16112
43.3%
7 x 19133
43.2%
9 x 17153
43.2%
7 x 18126
42.7%
8 x 17136
42.6%

You're not logged in!

Compare scores with friends on all Sporcle quizzes.
Join for Free
OR
Log In

You Might Also Like...

Show Comments

Extras

Top Quizzes Today


Score Distribution

Your Account Isn't Verified!

In order to create a playlist on Sporcle, you need to verify the email address you used during registration. Go to your Sporcle Settings to finish the process.

Report this User

Report this user for behavior that violates our Community Guidelines.

Details: